000 00600nam a2200205Ia 4500
005 20250923144957.0
008 008 250917s9999 xx 000 0 eng d
037 _aTextual
040 _aDSWL
_beng
_cDSWL
041 _aeng
_2eng
084 _aY172.613, J7
_qDSWL
100 _aTurner, V.M.
_9830487
245 0 _aSchism and continuity in an Africa Society
_cby V.M. Turner
260 _aManchester
_bManchester University Press
_c1957
300 _aXXIV,348 p.
365 _aINR
_b45
925 _g45
942 _cTEXL
_hY172.613, J7
999 _c1445607
_d1445607